000 00751nam a2200289Ia 4500
005 20260324124313.0
008 008 260324s9999 xx 000 0 eng d
020 _a9781315264271
037 _aEBOOK
040 _aCRL
040 _beng
040 _cCRL
041 _2eng
041 _aeng
084 _qCRL
100 _aGraham Bradshaw; David Schalkwyk; Tom Bishop
_91173636
245 4 _aThe Shakespearean International Yearbook
245 0 _bVolume 10: Special Section, the Achievement of Robert Weimann
260 _bTaylor and Francis
260 _c2010
365 _a
365 _b240
856 _uhttp://www.taylorfrancis.com/books/9781315264271
942 _cEBOOK
999 _c1767907
_d1767907